| 000 | 00714cab a2200217 4500 | ||
|---|---|---|---|
| 001 | WB3208-42 | ||
| 008 | 090401t1996 xxu||||| |||| 00| 0 eng d | ||
| 035 | _a(Sirsi) u34595 | ||
| 041 | _aeng | ||
| 245 | _aLand snapped up by farmers | ||
| 260 | _c1996 | ||
| 350 | _a0 | ||
| 490 |
_aRICS Press Release _v(PR21.RUR) 19 February 1996, (5) |
||
| 520 | _aDemand for farmland has outstripped supply causing land prices to rise, according to the RICS Farmland Price Index for 4Q 1995. Copy of complete survey available for £30; annual subscription £100. | ||
| 650 | _aLAND PRICES | ||
| 650 | _aRICS FARMLAND PRICE INDEX | ||
| 650 | _aRICS | ||
| 690 | _aRURAL PRACTICE | ||
| 942 | _n0 | ||
| 948 | _c04/03/1997 | ||
| 999 |
_c22888 _d22888 |
||